Lethal Company - Alle Gegner - Statistiken

Allgemein
  • Dieses Quiz wurde 17 mal gespielt
  • Das Durchschnittsergebnis liegt bei 13 aus 27
Antwortstatistiken
Wo zu finden? Gegner % Korrekt
Außerhalb Baboon Hawk
80%
Im Gebäude Bracken
80%
Im Gebäude Jester
80%
Im Gebäude Nutcracker
80%
Im Gebäude Coil-Head
70%
Außerhalb Eyeless Dog
70%
Im Gebäude Thumper
70%
Im Gebäude Barber
60%
Im Gebäude Butler
60%
Im Gebäude Hoarding Bug
60%
Im Gebäude Spore Lizard
60%
Drinnen/ Draußen Ghost Girl
50%
Drinnen/ Draußen Masked
50%
Außerhalb Old Bird
50%
Im Gebäude Bunker Spider
40%
Außerhalb Circuit Bees
40%
Außerhalb Forest Keeper
40%
Außerhalb Kidnapper Fox
40%
Im Gebäude Snare Flea
40%
Außerhalb Earth Leviathan
30%
Im Gebäude Hydrogere
30%
Außerhalb Manticoil
30%
Außerhalb Roaming Locusts
30%
Außerhalb Tulip Snake
30%
Verworfen Lasso Man
10%
Im Gebäude Mask Hornets
10%
Kein Gegner Vain Shroud
10%
Keine übereinstimmenden Quizze gefunden
Verteilung der Resultate
Anzahl Personen mit jedem Resultat
Perzentil nach korrekt beantworteten Fragen
Ihre Resultats-Entwicklung
Sie haben dieses Quiz noch nicht gespielt